000
00425nam a2200169Ia 4500
008
100204s9999 xx 000 0 und d
082
_b
28297
100
_a
सरकार जदुथ
245
_a
औरंगजेब
250
_a
0
260
_c
2006
300
_a
511
630
_a
औरंगजेब
700
_a
कोलारकर शरद
730
_a
औरंगजेब
942
_c
BOOK
999
_c
473462
_d
473459